Fórmulas magistrales en pediatría / (Record no. 179824)

MARC details
000 -LEADER
campo de control de longitud fija 00961nam a2200253 i 4500
001 - NÚMERO DE CONTROL
campo de control 179824
003 - IDENTIFICADOR DE NÚMERO DE CONTROL
campo de control ES-MaACL
005 - FECHA Y HORA DE LA ÚLTIMA TRANSACCIÓN
campo de control 20230926191909.0
008 - DATOS DE LONGITUD FIJA--INFORMACIÓN GENERAL
campo de control de longitud fija 120127s2011 sp ado |||| | spa d
020 ## - NÚMERO INTERNACIONAL ESTÁNDAR DEL LIBRO
Número Internacional Estándar del Libro 978-84-614-7238-3
080 ## - NÚMERO DE LA CLASIFICACIÓN DECIMAL UNIVERSAL
Número de la Clasificación Decimal Universal 615.11-053.2
100 1# - ENTRADA PRINCIPAL--NOMBRE DE PERSONA
Nombre de persona Callabed i Carracedo, Joaquim.
9 (RLIN) 139912
245 10 - MENCIÓN DEL TÍTULO
Título Fórmulas magistrales en pediatría /
Mención de responsabilidad, etc. Joaquín Callabed.
260 ## - PUBLICACIÓN, DISTRIBUCIÓN, ETC.
Lugar de publicación, distribución, etc. Terrassa (Barcelona) :
Nombre del editor, distribuidor, etc. Acofarma,
Fecha de publicación, distribución, etc. [2011]
300 ## - DESCRIPCIÓN FÍSICA
Extensión 349 p. :
Otras características físicas il. col., fot. ;
Dimensiones 24 cm.
504 ## - NOTA DE BIBLIOGRAFÍA, ETC.
Nota de bibliografía, etc. Referencias bibliográficas.
650 #7 - PUNTO DE ACCESO ADICIONAL DE MATERIA--TÉRMINO DE MATERIA
Término de materia o nombre geográfico como elemento de entrada Pediatría-
Subdivisión general Fórmulas y recetas.
9 (RLIN) 149239
650 04 - PUNTO DE ACCESO ADICIONAL DE MATERIA--TÉRMINO DE MATERIA
Término de materia o nombre geográfico como elemento de entrada Niños-
Subdivisión general Enfermedades.
9 (RLIN) 15546
710 2# - ENTRADA AGREGADA--NOMBRE DE ENTIDAD CORPORATIVA
Nombre de entidad corporativa o nombre de jurisdicción como elemento de entrada Asociación de Cooperativas Farmacéuticas.
9 (RLIN) 149240
852 ## - LOCALIZACIÓN
Ubicación ES-MaACL
Número de control de estantería A-11938
itemnumber 186724
Sublocalización o colección R.146847
Ubicación en estantería Depósito 1
Signatura antigua Olim: N-4943
Encuadernación Donación: Joaquín Callabed
Nota libre Dedicatoria autógrafa del autor
903 ## - NOMBRE PERSONAL DE DONANTE
9 139912
a Callabed i Carracedo, Joaquim
e Donante
942 ## - ELEMENTOS DE ENTRADA SECUNDARIOS (KOHA)
Fuente del sistema de clasificación o colocación Clasificación decimal universal
Tipo de ítem Koha Libro impreso
Holdings
Estatus retirado Estado de pérdida Fuente del sistema de clasificación o colocación Estado de daño No para préstamo Biblioteca de origen Biblioteca actual Ubicación en estantería Fecha de adquisición Fuente de adquisición Total de préstamos Signatura topográfica completa Código de barras Visto por última vez Precio de reemplazo Tipo de ítem Koha Nota pública
    Clasificación decimal universal     Biblioteca del Ateneo de Madrid Biblioteca del Ateneo de Madrid Depósito 1 27/01/2012 Donación   A-11938 1188914 23/02/2023 23/02/2023 Libro impreso Dedicatoria autógrafa del autor